Statystyki dla Słoń - 15 najpopularniejszych piosenek

Kliknij tutaj aby rozwiązać quiz!

Ogólne statystyki

  • Ten quiz został rozwiązany 191 razy
  • Średni wynik to 4 z 15

Statystyki odpowiedzi

Liczba wyświetleń (YouTube)Nazwa% Poprawnych
35 mln.Sicario
86%
14 mln.Wojna totalna
53%
7.2 mln.X
47%
20 mln.Puzzle
39%
6.6 mln.Clint Eastwood
22%
16 mln.Yeah Boy
22%
10 mln.THX
21%
7.8 mln.PSS
20%
8.8 mln.Gruba berta
19%
7 mln.Suko
19%
9.2 mln.Borderlands
18%
9.9 mln.Wstręt
14%
10 mln.Klasyg
10%
8.9 mln.Headbenger
9%
6.2 mln.#Hot16Challenge
5%

Rozkład punktacji

Percentyl według liczby udzielonych odpowiedzi

Procent ludzi z każdym wynikiem

Twoja historia wyników

Nie rozwiązałeś tego quizu